[Event "12sen.WM-H Naumburg"]
[Site "Naumburg/Saale(20.10.-03.11.)"]
[Date "2002.11.02"]
[Round "11"]
[White "Maassen, Hermann"]
[Black "De_Mol, Fer"]
[Result "1-0"]
[WhiteElo "1635"]
[BlackElo "1313"]
[PlyCount "111"]
[EventDate "2002.11.??"]

1. e4 c5 2. d4 cxd4 3. f4 Qa5+ 4. Nd2 e6 5. Ngf3 Nc6 6. Bd3 Bc5 7. O-O Bb6 8.
e5 Qb4 9. Ne4 Bc7 10. c3 dxc3 11. bxc3 Qe7 12. a4 f5 13. exf6 Nxf6 14. Ba3 d6
15. Nfg5 Bd7 16. Nxf6+ Qxf6 17. Ne4 Qe7 18. Bc2 O-O-O 19. Nxd6+ Bxd6 20. Bxd6
Qf6 21. Qf3 e5 22. Rad1 exf4 23. Bxf4 g5 24. Bg3 Qxf3 25. Rxf3 g4 26. Rf7 h5
27. Bh4 Ne5 28. Re7 Rde8 29. Rd5 Rxe7 30. Bxe7 Nc6 31. Kf2 Re8 32. Bd6 h4 33.
Rh5 h3 34. gxh3 gxh3 35. Bf5 Bxf5 36. Rxf5 Rh8 37. Rf8+ Rxf8+ 38. Bxf8 Ne5 39.
Kg3 Kd7 40. Kxh3 Ke6 41. a5 a6 42. Bg7 Nd7 43. Kg4 Kf7 44. Bd4 Kg6 45. h4 Nf8
46. h5+ Kh6 47. Be3+ Kh7 48. Kg5 Ne6+ 49. Kf6 Nd8 50. c4 Nc6 51. Bd2 Nb8 52.
Ke6 Nc6 53. Kd6 Nd4 54. Kc7 Nb3 55. Bb4 Kh6 56. Kxb7 1-0

[Event "12sen.WM-H Naumburg"]
[Site "Naumburg/Saale(20.10.-03.11.)"]
[Date "2002.11.02"]
[Round "11"]
[White "Mann, Klaus_Dieter"]
[Black "Dille, Janis"]
[Result "1/2-1/2"]
[WhiteElo "1979"]
[BlackElo "2158"]
[PlyCount "99"]
[EventDate "2002.11.??"]

1. e4 c5 2. Nf3 Nc6 3. Bb5 g6 4. O-O Bg7 5. Bxc6 bxc6 6. d3 d6 7. Nc3 Rb8 8.
Qe2 e5 9. h3 Ne7 10. b3 h5 11. Bd2 f6 12. Kh2 g5 13. Ng1 Ng6 14. g3 h4 15. g4
Be6 16. Na4 Bf8 17. Be3 Be7 18. c4 Nf8 19. f3 Nd7 20. Qf2 Kf7 21. Ne2 Qa5 22.
Nec3 Nf8 23. Rfd1 Bd7 24. Kg2 Ne6 25. Ne2 Nd4 26. Bd2 Qa6 27. Nec3 Rbd8 28. Be3
Be6 29. Rac1 Rd7 30. Rd2 Bd8 31. Bxd4 cxd4 32. Ne2 Ba5 33. Rdc2 c5 34. Qf1 Bb4
35. Ra1 Ba3 36. Qd1 Rb7 37. Kf2 Rb4 38. Nb2 Qb7 39. Nc1 a5 40. Ke2 Bd7 41. Rd2
Ra8 42. Rb1 a4 43. Kf2 axb3 44. Nxb3 Bxb2 45. Rdxb2 Ra3 46. Qd2 Qa6 47. Ke2 Ke6
48. Nc1 Rxb2 49. Rxb2 Ba4 50. Ke1 1/2-1/2

[Event "12sen.WM-H Naumburg"]
[Site "Naumburg/Saale(20.10.-03.11.)"]
[Date "2002.11.02"]
[Round "11"]
[White "Marzoll, Wolfgang"]
[Black "Barnstedt, Dietrich"]
[Result "1/2-1/2"]
[WhiteElo "2325"]
[BlackElo "2035"]
[PlyCount "20"]
[EventDate "2002.11.??"]

1. e4 e5 2. Nf3 Nf6 3. Nxe5 d6 4. Nf3 Nxe4 5. d4 d5 6. Bd3 Bd6 7. O-O O-O 8. c4
c6 9. Nc3 Nxc3 10. bxc3 Bg4 1/2-1/2

[Event "12sen.WM-H Naumburg"]
[Site "Naumburg/Saale(20.10.-03.11.)"]
[Date "2002.11.02"]
[Round "11"]
[White "Mauersberger, Frank"]
[Black "Villing, Dieter"]
[Result "1-0"]
[WhiteElo "1992"]
[BlackElo "2183"]
[PlyCount "101"]
[EventDate "2002.11.??"]

1. e4 c5 2. Nc3 e6 3. g3 g6 4. Bg2 Bg7 5. d3 Ne7 6. Be3 d6 7. Qd2 Nbc6 8. Bh6
O-O 9. h4 f6 10. Bxg7 Kxg7 11. f4 Ng8 12. g4 Bd7 13. Nf3 Nd4 14. O-O-O Rc8 15.
h5 Nxf3 16. Bxf3 g5 17. h6+ Kh8 18. Rdf1 Bc6 19. fxg5 fxg5 20. d4 cxd4 21.
Qxd4+ e5 22. Qd2 Rc7 23. Qe3 Rcf7 24. a4 Qf6 25. Be2 Qg6 26. Rxf7 Rxf7 27. Bc4
Rf4 28. Bxg8 Kxg8 29. Qxa7 Bxe4 30. Nxe4 Qxe4 31. Rd1 Rf8 32. Qa5 Qxg4 33. Qd5+
Kh8 34. Qxb7 Qf4+ 35. Kb1 Qf6 36. Rxd6 Qf1+ 37. Ka2 Qc4+ 38. Qb3 Qxb3+ 39. Kxb3
Re8 40. Kc3 Kg8 41. Kd3 e4+ 42. Ke3 Kf7 43. b4 Rc8 44. Kxe4 Rxc2 45. b5 g4 46.
b6 g3 47. a5 Rb2 48. Rd7+ Ke6 49. Rxh7 Rb5 50. Rg7 Rxa5 51. Rxg3 1-0

[Event "12sen.WM-H Naumburg"]
[Site "Naumburg/Saale(20.10.-03.11.)"]
[Date "2002.11.02"]
[Round "11"]
[White "Meszaros, Ignac"]
[Black "Breustedt, Werner"]
[Result "1/2-1/2"]
[WhiteElo "2144"]
[BlackElo "2264"]
[PlyCount "27"]
[EventDate "2002.11.??"]

1. e4 Nf6 2. e5 Nd5 3. d4 d6 4. Nf3 c6 5. Be2 g6 6. c4 Nc7 7. Nc3 Bg7 8. exd6
Qxd6 9. Be3 O-O 10. Ne4 Qd8 11. Qd2 Nd7 12. Bh6 Nf6 13. Nxf6+ exf6 14. Bxg7
1/2-1/2

[Event "12sen.WM-H Naumburg"]
[Site "Naumburg/Saale(20.10.-03.11.)"]
[Date "2002.11.02"]
[Round "11"]
[White "Neese, Hans_Joachim"]
[Black "Gerhardt, Peter_Michael"]
[Result "1-0"]
[WhiteElo "2247"]
[BlackElo "2124"]
[PlyCount "87"]
[EventDate "2002.11.??"]

1. d4 d5 2. Nf3 Nf6 3. c4 g6 4. Nc3 Bg7 5. h3 O-O 6. Bf4 c6 7. e3 Nbd7 8. cxd5
Nxd5 9. Nxd5 cxd5 10. Bd3 Qa5+ 11. Qd2 Qxd2+ 12. Kxd2 Nf6 13. Rac1 Rd8 14. Bc7
Rf8 15. g4 h6 16. Ne5 Nd7 17. f4 Nxe5 18. dxe5 Bd7 19. Rhg1 e6 20. b4 a6 21.
Rc2 Rfc8 22. Rgc1 Bf8 23. a3 Be7 24. Bb6 Rxc2+ 25. Rxc2 Rc8 26. Rxc8+ Bxc8 27.
e4 Bd7 28. exd5 exd5 29. Be2 Bh4 30. Bf3 Bc6 31. Ke2 Kf8 32. Bf2 Bd8 33. Kd3
Ke8 34. h4 f6 35. e6 f5 36. h5 fxg4 37. hxg6 Bb5+ 38. Kd2 Bf6 39. Bxg4 Bf1 40.
f5 Bb5 41. Be3 Bg7 42. Bc5 Kd8 43. Ke3 Ke8 44. Bd4 1-0

[Event "12sen.WM-H Naumburg"]
[Site "Naumburg/Saale(20.10.-03.11.)"]
[Date "2002.11.02"]
[Round "11"]
[White "Niebling, Ferdinand"]
[Black "Daniel, Wolfgang"]
[Result "1-0"]
[WhiteElo "2131"]
[BlackElo "1885"]
[PlyCount "95"]
[EventDate "2002.11.??"]

1. d4 Nf6 2. c4 d6 3. Nf3 g6 4. g3 Bg7 5. Bg2 O-O 6. Nc3 Nbd7 7. O-O e5 8. e4
Re8 9. h3 a5 10. Be3 exd4 11. Nxd4 Nc5 12. Qc2 Bd7 13. Rad1 Qc8 14. Kh2 Re5 15.
g4 Bxg4 16. hxg4 Nxg4+ 17. Kg1 Rh5 18. Qe2 Nh2 19. Nd5 Qd8 20. Nf5 Rxf5 21.
exf5 Nxf1 22. Kxf1 Qh4 23. Bxc5 dxc5 24. Nxc7 Rc8 25. Nd5 Rf8 26. b3 Bd4 27.
Rd3 Kh8 28. Rf3 Qg5 29. fxg6 hxg6 30. Rh3+ Kg7 31. f4 Qf5 32. Qe4 Qg4 33. Rd3
Qh4 34. Qe1 Qh2 35. Rxd4 cxd4 36. Qe5+ f6 37. Qxd4 Qh4 38. Nc7 Rf7 39. Ne6+ Kh7
40. f5 Qg3 41. fxg6+ Qxg6 42. Qh4+ Kg8 43. Be4 f5 44. Qd8+ Kh7 45. Ng5+ Kg7 46.
Nxf7 fxe4 47. Nd6 Qe6 48. Qg5+ 1-0

[Event "12sen.WM-H Naumburg"]
[Site "Naumburg/Saale(20.10.-03.11.)"]
[Date "2002.11.02"]
[Round "11"]
[White "Nopp, Josef"]
[Black "Melzig, Ernst"]
[Result "1-0"]
[WhiteElo "1579"]
[BlackElo "1405"]
[PlyCount "107"]
[EventDate "2002.11.??"]

1. Nf3 d6 2. d4 Nf6 3. e3 Nbd7 4. Bd3 e5 5. Nbd2 exd4 6. exd4 Qe7+ 7. Be2 c5 8.
O-O cxd4 9. Re1 Qd8 10. Nxd4 Be7 11. Bb5 O-O 12. Nf5 Re8 13. Nc4 a6 14. Bxd7
Bxd7 15. Nxe7+ Rxe7 16. Rxe7 Qxe7 17. Bg5 Rd8 18. Qxd6 Qxd6 19. Nxd6 Bc6 20.
Nf5 Kf8 21. Bxf6 gxf6 22. Ne3 Be4 23. f3 Bg6 24. Rc1 f5 25. g3 f6 26. Rd1 Rxd1+
27. Nxd1 f4 28. c4 fxg3 29. hxg3 Ke7 30. Kf2 Kd6 31. b4 b6 32. Ke3 Bc2 33. Nc3
Bg6 34. Nd5 b5 35. Nxf6 bxc4 36. Kd4 Bd3 37. Ng4 Bb1 38. a3 Bd3 39. f4 Be2 40.
Ne3 Kc6 41. f5 Kb5 42. g4 Ka4 43. Kc3 Bd3 44. f6 Bg6 45. Nxc4 h5 46. gxh5 Bxh5
47. Ne5 Kxa3 48. Kc4 Ka4 49. Kc5 Be8 50. f7 Bxf7 51. Nxf7 Kb3 52. Ne5 Ka4 53.
Nc6 Kb3 54. Nb8 1-0

[Event "12sen.WM-H Naumburg"]
[Site "Naumburg/Saale(20.10.-03.11.)"]
[Date "2002.11.02"]
[Round "11"]
[White "Oelert, Ralf"]
[Black "Rost_van_Tonningen, Otto"]
[Result "0-1"]
[WhiteElo "2077"]
[BlackElo "2230"]
[PlyCount "56"]
[EventDate "2002.11.??"]

1. d4 Nf6 2. Nd2 g6 3. e4 d6 4. f4 e5 5. dxe5 dxe5 6. Bc4 Bg7 7. Ngf3 exf4 8.
c3 O-O 9. O-O Qe7 10. Qe2 Nc6 11. Nd4 Ne5 12. Re1 Nfg4 13. Bb3 c5 14. N4f3 Rd8
15. h3 Ne3 16. Nf1 Nxf1 17. Rxf1 Nd3 18. Bd2 c4 19. Bc2 g5 20. b3 b5 21. a4 b4
22. e5 Nxe5 23. Qe4 Nxf3+ 24. Rxf3 Qxe4 25. Bxe4 Rb8 26. Ra2 cxb3 27. Rb2 Be6
28. Bd3 Rbc8 0-1

[Event "12sen.WM-H Naumburg"]
[Site "Naumburg/Saale(20.10.-03.11.)"]
[Date "2002.11.02"]
[Round "11"]
[White "Opl, Klaus_Dr"]
[Black "Hobusch, Werner"]
[Result "1-0"]
[WhiteElo "2279"]
[BlackElo "2160"]
[PlyCount "109"]
[EventDate "2002.11.??"]

1. d4 Nf6 2. c4 e5 3. dxe5 Ng4 4. Nf3 Bc5 5. e3 Nc6 6. Be2 Ngxe5 7. O-O O-O 8.
Nc3 Nxf3+ 9. Bxf3 Ne5 10. Be2 Re8 11. b3 b6 12. Bb2 Bb7 13. Qd2 Qh4 14. Nd5 Bd6
15. h3 Re6 16. f4 Ng6 17. Bg4 Rae8 18. Bxe6 dxe6 19. Nc3 Bc5 20. Ne2 Qh6 21. b4
Bd6 22. Qc3 Nh4 23. c5 Bf8 24. c6 Ba6 25. Rf2 Qg6 26. Rd1 e5 27. fxe5 Nf3+ 28.
Rxf3 Bxe2 29. Rff1 Qe6 30. a3 Bxf1 31. Kxf1 g6 32. Rd7 Bg7 33. Kg1 Qf5 34. Qc4
Bh6 35. Bd4 Qb1+ 36. Kh2 Qf5 37. e6 Qxe6 38. Qxe6 fxe6 39. Be5 Bxe3 40. Rg7+
Kf8 41. Rxh7 Re7 42. Rh8+ Kf7 43. Rc8 g5 44. Bxc7 Re8 45. Rxe8 Kxe8 46. b5 Bd4
47. Kg3 Bf6 48. Kg4 Ke7 49. g3 Ke8 50. h4 gxh4 51. gxh4 Ke7 52. h5 Ke8 53. Kf3
Ke7 54. Ke4 Bg7 55. Bf4 1-0

[Event "12sen.WM-H Naumburg"]
[Site "Naumburg/Saale(20.10.-03.11.)"]
[Date "2002.11.02"]
[Round "11"]
[White "Otto, Klaus"]
[Black "Heyse, Juergen"]
[Result "1/2-1/2"]
[WhiteElo "1652"]
[BlackElo "1560"]
[PlyCount "29"]
[EventDate "2002.11.??"]

1. e4 c6 2. d3 d5 3. Nd2 dxe4 4. Nxe4 Nf6 5. Bg5 Qa5+ 6. Bd2 Qb6 7. Nxf6+ exf6
8. Rb1 Be6 9. b3 Bc5 10. Qe2 a5 11. Be3 O-O 12. Bxc5 Qxc5 13. Qd2 Re8 14. Be2
Na6 15. d4 1/2-1/2

[Event "12sen.WM-H Naumburg"]
[Site "Naumburg/Saale(20.10.-03.11.)"]
[Date "2002.11.02"]
[Round "11"]
[White "Ousatchi, Mark"]
[Black "Mayers, Dan_E"]
[Result "1-0"]
[WhiteElo "2196"]
[BlackElo "2079"]
[PlyCount "55"]
[EventDate "2002.11.??"]

1. d4 e6 2. e4 d5 3. Nd2 Nc6 4. c3 dxe4 5. Nxe4 e5 6. d5 Nce7 7. Bc4 Nf5 8. Nf3
Nd6 9. Be2 Bd7 10. Nc5 e4 11. Ng5 Nf6 12. Nxd7 Qxd7 13. Qd4 Be7 14. f3 e3 15.
Bd3 O-O 16. O-O Rad8 17. Bxe3 Nf5 18. Bxf5 Qxf5 19. Ne4 Nxd5 20. Qxa7 b6 21.
Bd4 Ra8 22. Qb7 Qd7 23. c4 Nf4 24. Bc3 Bc5+ 25. Nxc5 Rfb8 26. Rad1 Qe6 27. Qxc7
Rc8 28. Qxf4 1-0

[Event "12sen.WM-H Naumburg"]
[Site "Naumburg/Saale(20.10.-03.11.)"]
[Date "2002.11.02"]
[Round "11"]
[White "Perk, Egbert"]
[Black "Masich, Vladimir"]
[Result "0-1"]
[WhiteElo "1910"]
[BlackElo "2084"]
[PlyCount "66"]
[EventDate "2002.11.??"]

1. d4 Nf6 2. c4 e6 3. Nf3 c5 4. e3 cxd4 5. exd4 Bb4+ 6. Bd2 Bxd2+ 7. Qxd2 O-O
8. Nc3 d5 9. b3 Nc6 10. Rd1 Qa5 11. Be2 Rd8 12. cxd5 Nxd5 13. Nxd5 Qxd5 14. O-O
Ne7 15. Qf4 Ng6 16. Qg3 Qa5 17. a4 Bd7 18. Ne5 Be8 19. Qe3 Rac8 20. Rc1 Rxc1
21. Rxc1 Ne7 22. Nf3 h6 23. Bc4 Bc6 24. g4 Bxf3 25. Qxf3 Rxd4 26. h3 Qd2 27.
Rf1 Nd5 28. Qg3 Nf4 29. Qf3 a6 30. Kh2 g5 31. Qxb7 Qc3 32. Bxe6 Qxh3+ 33. Kg1
Ne2# 0-1

[Event "12sen.WM-H Naumburg"]
[Site "Naumburg/Saale(20.10.-03.11.)"]
[Date "2002.11.02"]
[Round "11"]
[White "Piankov, Evgenij"]
[Black "Ofstad, Per"]
[Result "1-0"]
[WhiteElo "2353"]
[BlackElo "2199"]
[PlyCount "73"]
[EventDate "2002.11.??"]

1. d4 d5 2. Bg5 c6 3. e3 Nf6 4. Nd2 Bf5 5. Ngf3 h6 6. Bxf6 exf6 7. c4 Qb6 8.
cxd5 cxd5 9. Qb3 Qxb3 10. Nxb3 Bb4+ 11. Nfd2 Nc6 12. a3 Bd6 13. Be2 Rc8 14. O-O
O-O 15. Rfc1 Be7 16. Nc5 b6 17. Na4 Bd6 18. Ba6 Rc7 19. Nc3 Nb8 20. Be2 Rfc8
21. Bf3 Be6 22. Rd1 Rxc3 23. bxc3 Rxc3 24. a4 Na6 25. e4 f5 26. exf5 Bxf5 27.
Bxd5 Nb4 28. Be4 Bd7 29. a5 b5 30. Rdc1 Na2 31. Rxc3 Nxc3 32. Bd3 b4 33. Ne4
Bb5 34. Bxb5 Nxe4 35. Re1 Nd2 36. Re8+ Bf8 37. d5 1-0

[Event "12sen.WM-H Naumburg"]
[Site "Naumburg/Saale(20.10.-03.11.)"]
[Date "2002.11.02"]
[Round "11"]
[White "Piastowski, Kurt"]
[Black "Kunath, Werner"]
[Result "1-0"]
[WhiteElo "1887"]
[BlackElo "2122"]
[PlyCount "143"]
[EventDate "2002.11.??"]

1. d4 Nf6 2. Nf3 b6 3. g3 Bb7 4. Bg2 e6 5. O-O c5 6. e3 d6 7. b3 Nbd7 8. Bb2
Be7 9. c4 a6 10. Nc3 Ra7 11. Qe2 Qa8 12. Rfd1 O-O 13. Ne1 Ne4 14. Nxe4 Bxe4 15.
Bxe4 Qxe4 16. Qf3 f5 17. Kg2 Nf6 18. Qxe4 fxe4 19. Rd2 g5 20. h3 h5 21. Bc3 g4
22. h4 Kf7 23. Kh2 d5 24. Ng2 Rd7 25. Rad1 cxd4 26. Bxd4 Bb4 27. Rc2 dxc4 28.
Rxc4 Bc5 29. Rdc1 Bxd4 30. exd4 Nd5 31. Re1 Ke7 32. Kg1 b5 33. Rcc1 Nf6 34. Nf4
Rfd8 35. Rc6 Rd6 36. Rec1 Rxc6 37. Rxc6 Rxd4 38. Rxe6+ Kf7 39. Rxa6 Rd1+ 40.
Kg2 Rd2 41. Kf1 e3 42. Ra7+ Ke8 43. fxe3 Ne4 44. Ke1 Rc2 45. Nxh5 Nc3 46. Nf6+
Kf8 47. Nxg4 Rg2 48. Rc7 b4 49. Rc4 Nxa2 50. Nf2 Rxg3 51. Kd2 Rg2 52. Rf4+ Ke7
53. Kd3 Rh2 54. Kc4 Ke6 55. Nd3 Rc2+ 56. Kb5 Nc3+ 57. Ka5 Nd5 58. Re4+ Kd6 59.
Rd4 Ke6 60. Rxd5 Rc8 61. Nf4+ Kf7 62. Kxb4 Re8 63. Rd3 Re4+ 64. Kc3 Kf6 65. b4
Kf5 66. Kb3 Re8 67. b5 Re4 68. b6 Re8 69. Kb4 Ke4 70. Kb5 Rh8 71. h5 Rf8 72. b7
1-0

[Event "12sen.WM-H Naumburg"]
[Site "Naumburg/Saale(20.10.-03.11.)"]
[Date "2002.11.02"]
[Round "11"]
[White "Potthammel, Joerg"]
[Black "Eidam, Horst"]
[Result "1/2-1/2"]
[WhiteElo "2111"]
[BlackElo "1862"]
[PlyCount "66"]
[EventDate "2002.11.??"]

1. e4 e5 2. Nf3 Nc6 3. Bb5 Nf6 4. Bxc6 dxc6 5. d3 Bg4 6. h3 Bxf3 7. Qxf3 Be7 8.
Nd2 O-O 9. Nc4 Nd7 10. Bd2 f6 11. O-O b6 12. Qg4 Rf7 13. f4 Bd6 14. Rf3 exf4
15. Bxf4 Bxf4 16. Qxf4 Ne5 17. Nxe5 Qd4+ 18. Kh2 Qxe5 19. Qxe5 fxe5 20. Raf1
Raf8 21. Rxf7 Rxf7 22. Rf5 Re7 23. b4 Re6 24. Kg3 g6 25. Rf3 Kg7 26. Kf2 c5 27.
b5 c6 28. a4 cxb5 29. axb5 a6 30. bxa6 b5 31. d4 b4 32. dxc5 Rxa6 33. Rd3 Ra2
1/2-1/2

[Event "12sen.WM-H Naumburg"]
[Site "Naumburg/Saale(20.10.-03.11.)"]
[Date "2002.11.02"]
[Round "11"]
[White "Reimann, Hubert[42Merse"]
[Black "Boeven, Manfred"]
[Result "1/2-1/2"]
[WhiteElo "1941"]
[BlackElo "2154"]
[PlyCount "30"]
[EventDate "2002.11.??"]

1. d4 d5 2. Nf3 Bf5 3. g3 e6 4. Bg2 c6 5. O-O Nd7 6. b3 Ngf6 7. Bb2 Bd6 8. c4
O-O 9. Nc3 Ne4 10. Nh4 Nxc3 11. Bxc3 Bg4 12. Qd2 Be7 13. Nf3 f5 14. Bb4 a5 15.
Bxe7 Qxe7 1/2-1/2

[Event "12sen.WM-H Naumburg"]
[Site "Naumburg/Saale(20.10.-03.11.)"]
[Date "2002.11.02"]
[Round "11"]
[White "Ristic, Sreten"]
[Black "Klempt, Guenter"]
[Result "0-1"]
[WhiteElo "1796"]
[BlackElo "2069"]
[PlyCount "86"]
[EventDate "2002.11.??"]

1. d4 Nf6 2. c4 g6 3. Nc3 Bg7 4. e4 d6 5. f3 O-O 6. Bd3 c5 7. d5 Na6 8. a3 Nc7
9. Be3 a6 10. Nge2 Rb8 11. a4 Bd7 12. Qd2 b5 13. axb5 axb5 14. cxb5 Nxb5 15.
O-O Qc7 16. Bc4 Nxc3 17. bxc3 Bb5 18. Qd3 Bxc4 19. Qxc4 Nd7 20. Ra3 Rb2 21. f4
Rfb8 22. h3 Qb7 23. Qd3 Qb6 24. Bf2 Rb1 25. Ng3 Rb3 26. Rxb3 Qxb3 27. Rc1 Qb2
28. Rc2 Qb1+ 29. Nf1 Nf6 30. Qe2 Rb3 31. Bh4 Qa1 32. Be1 Rb1 33. Kf2 Qa4 34.
Ng3 h5 35. Ra2 Qb3 36. Ra8+ Kh7 37. Qd3 h4 38. Ne2 c4 39. Qe3 Qd1 40. Nd4 Nh5
41. f5 Nf4 42. Qxf4 Qxe1+ 43. Kf3 Qf1+ 0-1

[Event "12sen.WM-H Naumburg"]
[Site "Naumburg/Saale(20.10.-03.11.)"]
[Date "2002.11.02"]
[Round "11"]
[White "Roettger, Johann"]
[Black "Girod, Gudrun"]
[Result "1/2-1/2"]
[WhiteElo "1102"]
[BlackElo "1406"]
[PlyCount "51"]
[EventDate "2002.11.??"]

1. d4 d5 2. Nf3 Nf6 3. h3 e6 4. e3 h6 5. Be2 Be7 6. Nc3 Nbd7 7. a3 O-O 8. O-O
Bd6 9. Bd3 c6 10. b4 e5 11. dxe5 Nxe5 12. Re1 Re8 13. e4 Nxd3 14. cxd3 dxe4 15.
dxe4 Bc7 16. Qxd8 Rxd8 17. Re2 Be6 18. Bb2 Re8 19. e5 Nd5 20. Rd1 Rad8 21. Nxd5
cxd5 22. Bd4 b6 23. Rd3 Bc8 24. b5 Re7 25. Re1 Bf5 26. Rc3 1/2-1/2

[Event "12sen.WM-H Naumburg"]
[Site "Naumburg/Saale(20.10.-03.11.)"]
[Date "2002.11.02"]
[Round "11"]
[White "Rosen, Willy"]
[Black "Krieger, Hermann"]
[Result "1/2-1/2"]
[WhiteElo "2336"]
[BlackElo "2237"]
[PlyCount "65"]
[EventDate "2002.11.??"]

1. e4 c5 2. Nf3 Nc6 3. d4 cxd4 4. Nxd4 g6 5. c4 Nf6 6. Nc3 d6 7. Be2 Nxd4 8.
Qxd4 Bg7 9. Be3 O-O 10. Qd2 Be6 11. f3 Qa5 12. Nd5 Qxd2+ 13. Kxd2 Nxd5 14. cxd5
Bd7 15. Rac1 Rfc8 16. b3 Bb2 17. Rxc8+ Rxc8 18. Rb1 Bc3+ 19. Kd1 a6 20. Rc1 f5
21. Bd2 Bd4 22. Rxc8+ Bxc8 23. Kc2 Kf7 24. Kd3 Bg1 25. h3 Bd7 26. a4 b5 27. a5
Bf2 28. Bc3 e5 29. dxe6+ Bxe6 30. Bd1 f4 31. Bd4 Be1 32. Bb6 g5 33. Ke2 1/2-1/2

[Event "12sen.WM-H Naumburg"]
[Site "Naumburg/Saale(20.10.-03.11.)"]
[Date "2002.11.02"]
[Round "11"]
[White "Rost, Wolfgang_Dr"]
[Black "Flores_Escuin, Sadurni"]
[Result "0-1"]
[WhiteElo "1839"]
[BlackElo "2078"]
[PlyCount "52"]
[EventDate "2002.11.??"]

1. d4 f5 2. e4 fxe4 3. Nc3 Nf6 4. Bg5 d5 5. Bxf6 exf6 6. Qh5+ g6 7. Qxd5 c6 8.
Qxe4+ Qe7 9. Bc4 Bf5 10. Qxe7+ Kxe7 11. O-O-O Bh6+ 12. Kb1 Nd7 13. Nge2 Nb6 14.
Bb3 Bd7 15. Rhe1 f5 16. d5 Kf6 17. a4 Rad8 18. a5 Nxd5 19. Bxd5 cxd5 20. Nxd5+
Kf7 21. g3 Rhe8 22. b3 Bc6 23. c4 b5 24. Nef4 bxc4 25. bxc4 Ba4 26. Rxe8 Rxe8
0-1

[Event "12sen.WM-H Naumburg"]
[Site "Naumburg/Saale(20.10.-03.11.)"]
[Date "2002.11.02"]
[Round "11"]
[White "Roth, Karl_Heinz"]
[Black "Till, Heinz"]
[Result "1-0"]
[WhiteElo "1632"]
[BlackElo "1389"]
[PlyCount "97"]
[EventDate "2002.11.??"]

1. d4 d5 2. c4 e6 3. Nf3 Nf6 4. Nc3 Nc6 5. Bg5 Be7 6. e3 O-O 7. Rc1 h6 8. Bh4
dxc4 9. Bxc4 Bd7 10. O-O Nh7 11. Bg3 a6 12. Bb3 b5 13. a3 Ng5 14. Bc2 Nxf3+ 15.
Qxf3 Bd6 16. Be4 Qe8 17. Rc2 Rc8 18. Rfc1 f5 19. Bd3 Bxg3 20. hxg3 Ne7 21. Na2
c6 22. Nb4 a5 23. Na6 Nd5 24. Nc5 Ne7 25. e4 fxe4 26. Qxe4 g6 27. Nxe6 Rf6 28.
Nc5 Bf5 29. Qe5 Qf7 30. Re1 Bxd3 31. Nxd3 Nd5 32. Rce2 Kh7 33. Qe4 Rf8 34. Qg4
Rf5 35. f3 h5 36. Qe4 Kh6 37. Ne5 Qc7 38. Qc2 R8f6 39. Qd2+ g5 40. g4 Rf4 41.
gxh5 Kxh5 42. Ng4 Rf8 43. Re6 Rh8 44. R1e5 Qa7 45. Nf6+ Nxf6 46. Qxf4 Qg7 47.
Qh4+ Kg6 48. Qxg5+ Kf7 49. Re7+ 1-0

[Event "12sen.WM-H Naumburg"]
[Site "Naumburg/Saale(20.10.-03.11.)"]
[Date "2002.11.02"]
[Round "11"]
[White "Rubinstein, Mark"]
[Black "Thonig, Manfred"]
[Result "1-0"]
[WhiteElo "2012"]
[BlackElo "1569"]
[PlyCount "69"]
[EventDate "2002.11.??"]

1. d4 f5 2. Nf3 Nf6 3. g3 b6 4. Bg2 Bb7 5. b3 e6 6. Bb2 Be7 7. e3 d6 8. c4 O-O
9. O-O Ne4 10. Nc3 Nd7 11. Re1 Ndf6 12. Ne2 c5 13. Rc1 Qe8 14. Nf4 Qd7 15. h4
Ng4 16. Rc2 Rad8 17. d5 e5 18. Ne6 Rf6 19. Nxd8 Bxd8 20. Ng5 Nxg5 21. hxg5 Rg6
22. f3 Nxe3 23. Rxe3 Bxg5 24. Ree2 Qf7 25. Qe1 h5 26. f4 Bh6 27. fxe5 h4 28.
gxh4 Bf4 29. e6 Qe7 30. Rc3 Be5 31. Rh3 Bf4 32. Rf3 Rg4 33. Qf2 Qxh4 34. Qxh4
Rxh4 35. e7 1-0

[Event "12sen.WM-H Naumburg"]
[Site "Naumburg/Saale(20.10.-03.11.)"]
[Date "2002.11.02"]
[Round "11"]
[White "Rychlik, Kurt"]
[Black "Winiwarter, Felix_Dr"]
[Result "0-1"]
[WhiteElo "2078"]
[BlackElo "2191"]
[PlyCount "80"]
[EventDate "2002.11.??"]

1. d4 Nf6 2. c4 c5 3. d5 e6 4. Nc3 exd5 5. cxd5 d6 6. e4 g6 7. f4 Bg7 8. Bb5+
Nfd7 9. Bd3 a6 10. a4 O-O 11. Nf3 Qc7 12. Nd2 f5 13. Nc4 fxe4 14. Nxe4 Nf6 15.
Nxf6+ Bxf6 16. O-O Bf5 17. Bxf5 gxf5 18. Qe2 Nd7 19. Qe6+ Kh8 20. Qxd6 Bd4+ 21.
Kh1 Qxd6 22. Nxd6 Nb6 23. Nxb7 Nxd5 24. Nd6 Rab8 25. Ra3 Rb4 26. g3 Rf6 27. Bd2
Rxd6 28. Bxb4 Nxb4 29. Rb3 Re6 30. h3 Re2 31. g4 Rxb2 32. Rxb2 Bxb2 33. Re1 c4
34. Re8+ Kg7 35. Re7+ Kf6 36. Rxh7 c3 37. g5+ Kg6 38. Rb7 c2 39. Rb6+ Kf7 40.
Rb7+ Ke6 0-1

[Event "12sen.WM-H Naumburg"]
[Site "Naumburg/Saale(20.10.-03.11.)"]
[Date "2002.11.02"]
[Round "11"]
[White "Scheide, Helmut"]
[Black "Hoehne, Peter[38Wedd]"]
[Result "1/2-1/2"]
[WhiteElo "2014"]
[BlackElo "1767"]
[PlyCount "36"]
[EventDate "2002.11.??"]

1. d4 d5 2. c4 Nf6 3. e3 e6 4. Nc3 Be7 5. Nf3 O-O 6. Bd3 dxc4 7. Bxc4 a6 8. O-O
Nc6 9. Re1 b5 10. Bd3 Nb4 11. Bb1 Bb7 12. a3 Nbd5 13. e4 Nxc3 14. bxc3 c5 15.
Bf4 g6 16. Qe2 Re8 17. Rd1 c4 18. Ng5 Nh5 1/2-1/2

[Event "12sen.WM-H Naumburg"]
[Site "Naumburg/Saale(20.10.-03.11.)"]
[Date "2002.11.02"]
[Round "11"]
[White "Schlag, Franz"]
[Black "Dornieden, Manfred_Dr"]
[Result "0-1"]
[WhiteElo "2155"]
[BlackElo "2299"]
[PlyCount "44"]
[EventDate "2002.11.??"]

1. Nc3 g6 2. d3 Bg7 3. g3 Nf6 4. Bg2 O-O 5. Bf4 d6 6. Qc1 e5 7. Bh6 Nc6 8. h4
Nd4 9. h5 Bxh6 10. Qxh6 Nxc2+ 11. Kd2 Ng4 12. hxg6 Nxh6 13. gxh7+ Kxh7 14. Kxc2
c6 15. Nf3 Kg7 16. Rh4 Rh8 17. Rah1 Bg4 18. Ne4 Bxf3 19. exf3 f5 20. Nd2 Nf7
21. f4 Rxh4 22. Rxh4 Qf6 0-1

[Event "12sen.WM-H Naumburg"]
[Site "Naumburg/Saale(20.10.-03.11.)"]
[Date "2002.11.02"]
[Round "11"]
[White "Schneiderheinze, Roland"]
[Black "Schwagrowski, Bernd"]
[Result "1-0"]
[WhiteElo "1754"]
[BlackElo "1543"]
[PlyCount "37"]
[EventDate "2002.11.??"]

1. d4 d5 2. c4 Nf6 3. Nc3 Bf5 4. Nf3 h6 5. Qb3 b6 6. cxd5 a5 7. e3 Bd7 8. Ne5
e6 9. Nxd7 Nbxd7 10. dxe6 fxe6 11. Qxe6+ Qe7 12. Qxe7+ Bxe7 13. Bb5 O-O 14. Bc6
Rad8 15. Nb5 Ne8 16. O-O Nb8 17. Bxe8 Rfxe8 18. Nxc7 Rc8 19. Nxe8 1-0

[Event "12sen.WM-H Naumburg"]
[Site "Naumburg/Saale(20.10.-03.11.)"]
[Date "2002.11.02"]
[Round "11"]
[White "Schober, Manfred"]
[Black "Bogorad, Michail"]
[Result "1-0"]
[WhiteElo "2047"]
[BlackElo "2197"]
[PlyCount "87"]
[EventDate "2002.11.??"]

1. d4 c5 2. d5 Nf6 3. c4 b5 4. cxb5 a6 5. b6 Qxb6 6. Nc3 d6 7. e4 g6 8. Be2 Bg7
9. Nf3 O-O 10. O-O Nbd7 11. Rb1 a5 12. h3 Ba6 13. Be3 Rfb8 14. Re1 Qc7 15. Bxa6
Rxa6 16. Nd2 Nb6 17. Qe2 Raa8 18. Rec1 Qd7 19. Qd3 Ne8 20. b3 Nc7 21. f4 e6 22.
Nc4 exd5 23. Nxb6 Rxb6 24. Nxd5 Nxd5 25. Qxd5 Qc6 26. Qxc6 Rxc6 27. Kf2 Rb8 28.
Ke2 Rb4 29. Rc4 Rcb6 30. Rbc1 f6 31. Bd2 R4b5 32. Kd3 f5 33. Re1 Kf7 34. Ra4
fxe4+ 35. Raxe4 d5 36. Re7+ Kg8 37. Ra7 Rc6 38. Re8+ Bf8 39. Bc3 d4 40. Bxa5
c4+ 41. bxc4 Rf5 42. Bb4 Rxf4 43. Raa8 Rcf6 44. Bxf8 1-0

[Event "12sen.WM-H Naumburg"]
[Site "Naumburg/Saale(20.10.-03.11.)"]
[Date "2002.11.02"]
[Round "11"]
[White "Schoenegg, Werner"]
[Black "Kuczmera, Manfred"]
[Result "1/2-1/2"]
[WhiteElo "2015"]
[BlackElo "1608"]
[PlyCount "51"]
[EventDate "2002.11.??"]

1. f4 d5 2. Nf3 g6 3. e3 Bg7 4. Be2 c5 5. d3 e6 6. O-O Ne7 7. Ne5 Nd7 8. Nxd7
Bxd7 9. Nd2 O-O 10. Nf3 Nc6 11. a3 Rc8 12. c4 b6 13. Rb1 Rc7 14. Qe1 Qe7 15.
Bd2 Rfc8 16. Kh1 dxc4 17. dxc4 e5 18. fxe5 Nxe5 19. Nxe5 Bxe5 20. Bd3 Be6 21.
Bc3 Bxc3 22. Qxc3 Rd8 23. Bc2 Rcd7 24. Rbd1 Rxd1 25. Rxd1 Rxd1+ 26. Bxd1
1/2-1/2